000 00890nam a2200277Ia 4500
003 OSt
005 20221006155840.0
006 a|||||r|||| 00| 0
007 ta
008 221006b |||||||| |||| 00| 0 eng d
024 _a43,669
037 _cDissertations
040 _aEASL
_cEASL
_beng
041 _2eng
_aeng
082 _a0000167
100 _aChaudhary Rana Divyank
_9670591
110 _aUnivesity of Delhi. Social Sciences. East Asian Studies (Delhi India)
_9665521
245 0 _aQing empire's civil war
_b The Taiping rebellion from a neo-institutionalist perspective Dr. Madhavi Thampi
260 _c2012
300 _a69p.
_ccm.
490 _v Dis
650 _aCEL
700 _aUnivesity of Delhi. Social Sciences. East Asian Studies (Delhi India)
_9665522
942 _h0000167
_cDIS
_2CC
999 _c1111755
_d1111755